000 01107nam a2200289 i 4500
003 EG-GICUC
005 20260121101231.0
008 251116s2002 ua ||||fr|||| 00| 0 ara d
040 _a EG-GICUC
_bara
_c EG-GICUC
_d EG-GICUC
_erda
041 0 _hara
082 0 4 _221
_a345.0569
_bع د . م
092 0 4 _221
099 _aLaw1 07 345.0569 ع د . م 2002
100 0 _aعدنان عمرو
_eمؤلف.
245 1 0 _aمبادئ القانون الإداري الفلسطيني :
_bنشاط الإدارة ووسائلها /
_cالدكـتور عدنان عمرو.
264 1 _aالقدس :
_bمطبعة العربية الحديثة، جامعة القدس ،
_c2002.
300 _a287 صفحة ؛
_c24 سم.
336 _2rda content
_atext
337 _2rda media
_aComputer
338 _2rda carrier
_aOnline Resource
504 _aيشتمل على إرجاعات ببليوجرافية
546 _aالنص باللغة العربية
650 1 _aالقانون الإداري
856 4 0 _uhttps://fll.law.cu.edu.eg/fulltext/bks/B07-00731.pdf
905 _a33
942 _2ddc
_cBK
_e21
_n0
999 _c43721
_d43721